Encyclopaedia of counselling : (Record no. 10995)

MARC details
000 -LEADER
fixed length control field 00578cam a2200193ua 4500
008 - FIXED-LENGTH DATA ELEMENTS--GENERAL INFORMATION
fixed length control field 200313n ii |||gr||||Z||||||eng
020 ## - INTERNATIONAL STANDARD BOOK NUMBER
International Standard Book Number 9789382252115
040 ## - CATALOGING SOURCE
Transcribing agency MAIN
082 ## - DEWEY DECIMAL CLASSIFICATION NUMBER
Classification number 331.702
100 ## - MAIN ENTRY--PERSONAL NAME
Personal name Varun k Sehgal,
Relator term
245 ## - TITLE STATEMENT
Title Encyclopaedia of counselling :
Remainder of title Counselling psychology volume V /
Statement of responsibility, etc. By Varun K Sehgal and R Krishnaprasad .
250 ## - EDITION STATEMENT
Edition statement 1st ed. /
Remainder of edition statement V.V.
260 ## - PUBLICATION, DISTRIBUTION, ETC.
Place of publication, distribution, etc. New Delhi:
Name of publisher, distributor, etc. Pacific books international,
Date of publication, distribution, etc. 2013.
300 ## - PHYSICAL DESCRIPTION
Extent 280p.
700 ## - ADDED ENTRY--PERSONAL NAME
Personal name R Krishnaprasad,
Relator term
942 ## - ADDED ENTRY ELEMENTS (KOHA)
Koha item type Books
653 ## - INDEX TERM--UNCONTROLLED
Uncontrolled term Labor economics
Holdings
Withdrawn status Lost status Damaged status Not for loan Home library Current library Shelving location Date acquired Total Checkouts Full call number Barcode Date last seen Copy number Price effective from Koha item type
        Central Library, Naharkatiya College Central Library, Naharkatiya College General Stacks 19/09/2020   331.702 | SEH 24508 19/09/2020 1 19/09/2020 Books

Naharkatiya College © 2020. All rights reserved.

Powered By